000 00560nam a2200181 4500
001 VA36516
003 ES-SlBCS
005 20210601154104.0
008 140520s1987 xxu||||| |||| 00| 0 spa d
041 _aspa
100 1 _aKernberg, Otto F.
_951724
245 1 0 _aTrastornos graves de la personalidad. Estrategias psicoterapeúticas
_cOtto F. Kernberg; J. Abenamar Suárez
260 _aMéxico :
_bManual Moderno
_c, 1987
300 _aX,349 p.;
_c24 cm
650 _aPersonalidad-Trastornos
_9365910
700 1 0 _aAbenamar Suárez, J.
_9365911
942 _cBK
999 _c799952
_d799952